| 000 | 00547nam a2200181Ia 4500 | ||
|---|---|---|---|
| 003 | GCL | ||
| 008 | 140319s9999 xx 000 0 ara d | ||
| 040 |
_aGCL / _cGCL |
||
| 082 | 0 | 4 |
_a157.2 _bع ف |
| 100 | 1 | _aعبدالرحمن عيسوى | |
| 245 | 1 | 0 |
_aفى الصحة النفسية والعقلية / _cعبدالرحمن عيسوى |
| 490 | _a | ||
| 650 | 0 | 4 | _aالعلاج النفسى |
| 650 | 0 | 4 | _aالطب النفسى |
| 650 | 0 | 4 | _aالامراض النفسية |
| 650 | 0 | 4 | _aعلم النفس الاكلينيكى |
| 942 |
_2ddc _cBK |
||
| 999 |
_c39188 _d39188 |
||